Análisis teórico de los problemas de formación de precio y capacidad en el sector frutícola argentino (Registro nro. 22911)

Detalles MARC
000 -LEADER
fixed length control field 00393 a2200109 4500
001 - CONTROL NUMBER
control field ART_5558
005 - DATE AND TIME OF LATEST TRANSACTION
control field 20260410161827.0
008 - FIXED-LENGTH DATA ELEMENTS--GENERAL INFORMATION
fixed length control field 260409a
100 1# - MAIN ENTRY--PERSONAL NAME
Personal name Witte, Hermann
245 10 - TITLE STATEMENT
Title Análisis teórico de los problemas de formación de precio y capacidad en el sector frutícola argentino
773 0# - HOST ITEM ENTRY
Title Estudios Económicos
Related parts - Vol. 3, Nº 5/6 (ene./dic. 1984)
Record control number REV5080

No hay ítems disponibles.